Top 20 des pays ayant connus la plus haute inflation en 2022 - Statistiques

Statistiques générales
  • Ce quiz a été pris 103 fois
  • Le résultat moyen est 5 sur 20
Statistiques - réponses
Taux d'inflation Pays % Correct
20% Ukraine
58%
200% Venezuela
55%
72% Argentine
54%
49% Iran
51%
72% Turquie
44%
171% Liban
28%
139% Soudan
25%
29% Yémen
22%
34% Ethiopie
21%
21% Angola
17%
28% Haïti
16%
193% Zimbabwe
15%
32% Ghana
12%
23% Laos
12%
19% Estonie
10%
46% Sri Lanka
10%
29% Moldavie
9%
21% Malawi
7%
27% Sierra Leone
6%
52% Suriname
4%
Aucun quiz correspondant
Distribution des résultats
% des personnes avec chaque résultat
Percentile par nombre de réponses
Votre historique - résultats
Vous n’avez pas pris ce quiz